La mágica historia del Ratoncito Pérez / (Registro nro. 15341)
[ vista simple ]
| 000 -LEADER | |
|---|---|
| fixed length control field | 00984nam a22002537a 4500 |
| 003 - CONTROL NUMBER IDENTIFIER | |
| control field | OSt |
| 005 - DATE AND TIME OF LATEST TRANSACTION | |
| control field | 20211202082158.0 |
| 008 - FIXED-LENGTH DATA ELEMENTS--GENERAL INFORMATION | |
| fixed length control field | 210311s1996 sp a|||br|||| 00| 0 spa d |
| 020 ## - INTERNATIONAL STANDARD BOOK NUMBER | |
| International Standard Book Number | 8423643166 |
| 040 ## - CATALOGING SOURCE | |
| Original cataloging agency | CO-JMCR |
| Transcribing agency | CO-JMCR |
| 041 0# - LANGUAGE CODE | |
| Language code of text/sound track or separate title | spa |
| 082 04 - DEWEY DECIMAL CLASSIFICATION NUMBER | |
| Classification number | C / |
| Item number | CASm |
| Edition number | 23 |
| 100 1# - MAIN ENTRY--PERSONAL NAME | |
| Personal name | Castillo, Fidel del, |
| Relator term | autor |
| 9 (RLIN) | 35961 |
| 245 13 - TITLE STATEMENT | |
| Title | La mágica historia del Ratoncito Pérez / |
| Statement of responsibility, etc. | Fidel del Castillo; ilustraciones, Mabel Piérola |
| 250 ## - EDITION STATEMENT | |
| Edition statement | 8ª edición |
| 260 ## - PUBLICATION, DISTRIBUTION, ETC. | |
| Place of publication, distribution, etc. | Barcelona : |
| Name of publisher, distributor, etc. | Edebé, |
| Date of publication, distribution, etc. | 1996 |
| 300 ## - PHYSICAL DESCRIPTION | |
| Extent | [30] páginas : |
| Other physical details | ilustraciones a color ; |
| Dimensions | 19 cm. |
| 490 ## - SERIES STATEMENT | |
| Series statement | Tren azul |
| 520 ## - SUMMARY, ETC. | |
| Summary, etc. | Seguro que conoces al Ratoncito Pérez, pero...¿a que no sabes que hace con todos los dientes que recoge? En este cuento descubrirás que sirve para protegernos de todas las brujas malas del mundo. |
| 650 14 - SUBJECT ADDED ENTRY--TOPICAL TERM | |
| Topical term or geographic name entry element | Literatura infantil |
| 9 (RLIN) | 35962 |
| 650 24 - SUBJECT ADDED ENTRY--TOPICAL TERM | |
| Topical term or geographic name entry element | Ratón en la literatura |
| 9 (RLIN) | 35963 |
| 700 1# - ADDED ENTRY--PERSONAL NAME | |
| Personal name | Piérola, Mabel, |
| Relator term | ilustradora |
| 9 (RLIN) | 35964 |
| 942 ## - ADDED ENTRY ELEMENTS (KOHA) | |
| Source of classification or shelving scheme | Dewey Decimal Classification |
| Koha item type | Books |
| Withdrawn status | Lost status | Source of classification or shelving scheme | Damaged status | Not for loan | Home library | Current library | Shelving location | Date acquired | Source of acquisition | Total Checkouts | Total Renewals | Full call number | Barcode | Date last seen | Date last checked out | Copy number | Price effective from | Koha item type |
|---|---|---|---|---|---|---|---|---|---|---|---|---|---|---|---|---|---|---|
| Dewey Decimal Classification | Biblioteca Pública José María del Castillo y Rada | Biblioteca Pública José María del Castillo y Rada | Children's Area | Donación | 9 | 2 | C / CASm | 201810856 | 01/13/2026 | 01/13/2026 | Ej.1 | Books |